El derecho al olvido en internet La responsabilidad civil de los motores de bs︢queda y las redes sociales: estudio doctrinal y jurisprudencial /

Detalles Bibliográficos
Autor principal: Platero Alcn̤, Alejandro
Formato: eBook
Lenguaje:español
Publicado: Madrid: Dykinson, 2021
Materias:
Acceso en línea:Acceso restringido

MARC

LEADER 00000nam a22000007a 4500
005 2022032202142.0
007 cr|||| ||||
008 220322s2021 es |||||s|||| 00||0 spa d
020 |a 978-84-1377-941-6 
035 |a 36164 
040 |a vLex 
090 |c 13068  |d 13068 
100 1 |a Platero Alcn̤, Alejandro 
245 1 2 |a El derecho al olvido en internet  |h [Recurso electrn̤ico] :  |b La responsabilidad civil de los motores de bs︢queda y las redes sociales: estudio doctrinal y jurisprudencial /  |c Platero Alcn̤, Alejandro 
256 |a Servicio en ln̕ea 
260 |a Madrid:  |b Dykinson,  |c 2021 
300 |a 1 recurso electrn̤ico 
506 1 |a Disponible solo en los productos indicados  |d vLex Global  |d vLex Global (Academic Edition, excluding Law Schools)  |d vLex Global (U.S. Academic Edition, Law Schools)  |d vLex Global (U.S. Academic Edition, excluding Law Schools)  |d vLex Global (Academic Edition, Law Schools) 
650 0 4 |a Derecho Civil  |z Espaą 
650 0 4 |a Derecho de las Nuevas Tecnologa̕s  |z Espaą 
740 0 |a vLex Libros (Servicio en ln̕ea) 
856 4 0 |u https://app.vlex.com/#/sources/36164  |z Acceso restringido 
942 |c BOOK 
999 0 |a Civil Law 
999 0 |a Law of New Technologies